| 000 | 00820cab a2200265 4500 | ||
|---|---|---|---|
| 001 | ##L134072 | ||
| 008 | 060706n2006 000 0 eng u | ||
| 035 | _a(Sirsi) u134072 | ||
| 041 | 0 | _aeng | |
| 100 | 1 | _aCavanagh, Elaine | |
| 245 | 0 | 0 |
_aFocus update _bBerks, Bucks and Oxfordshire |
| 260 | _c2006 | ||
| 490 | 0 |
_aEstates Gazette _v(0626) 1 July 2006, 131-143(7) |
|
| 520 | _aReports on mixed-use, retail-led schemes in Newbury and Bracknell, and provides office and industrial rents for each county. Graphs. | ||
| 590 | _aIKA180706 | ||
| 651 | 4 | _aBERKSHIRE | |
| 651 | 4 | _aBUCKINGHAMSHIRE | |
| 651 | 4 | _aOXFORDSHIRE | |
| 651 | 4 | _aNEWBURY | |
| 651 | 4 | _aBRACKNELL | |
| 690 | _aPROPERTY-COMMERCIAL PROPERTY-COMMERCIAL PROPERTY MARKET | ||
| 700 | 1 | _aElghamry, Nadia | |
| 700 | 1 | _aJack, Simon | |
| 942 | _n0 | ||
| 999 |
_c77354 _d77354 |
||